000 01051cab a2200337 4500
001 ABS57277
008 090401t1997 xxu||||| |||| 00| 0 eng d
035 _a(Sirsi) u79964
041 _aeng
100 _aTolson, S.
245 _aContamination of land
260 _c1997
350 _a0
490 _aBuilding
_v262(8000) 25 July 1997, 27(1)
520 _aExplains the development of the "Rylands v Fletcher" rule concerning liability for pollution of adjoining land, that now requires proof that the polluter knew they were causing a pollution.
650 _aCAMBRIDGE WATER CO LTD V EASTERN COUNTIES LEATHER PLC
650 _aCONTAMINATED LAND
650 _aContamination
_96231
650 _aFORESEEABILITY
650 _aLIABILITY
650 _aNEGLIGENCE
650 _aNUISANCE
650 _aPOLLUTED LAND
650 _aPOLLUTION LIABILITY
650 _aPOLLUTION
650 _aRYLANDS V FLETCHER
650 _aSTRICT LIABILITY
690 _aENVIRONMENTAL AND LAND CONSULTANCY
942 _n0
948 _c29/07/1997
999 _c50320
_d50320